Vista normal Vista MARC

Entrada Personal Name

Número de registros utilizados en: 1

001 - CONTROL NUMBER

  • control field: 6571

003 - CONTROL NUMBER IDENTIFIER

  • control field: OSt

005 - DATE AND TIME OF LATEST TRANSACTION

  • control field: 20200702182920.0

008 - FIXED-LENGTH DATA ELEMENTS

  • fixed length control field: 200702|| aca||aabn | a|a d

040 ## - CATALOGING SOURCE

  • Original cataloging agency: OSt
  • Transcribing agency: OSt

100 ## - HEADING--PERSONAL NAME

  • Personal name: Duarte Nieto, Rafael Antonio,

670 ## - SOURCE DATA FOUND

  • Source citation: Work cat.: (OSt)6346: Duarte Nieto, Rafael Antonio, autor, 400 interrogantes y casos básicos para tener en cuenta en la elaboración de la declaración de renta año gravable 2009 / , 2010